Gaming Quiz

Random Gaming or Video Games Quiz

Less Exciting Video Games Quiz Stats

 Plays Quiz not verified by Sporcle

Support Sporcle.
Go Orange.
Score 0/24 Timer 05:00
0 Plays Today
'Lesser' Game Original Game % Correct
Demon May SniffleDevil May Cry
83.6%
Seeds vs. CorpsesPlants vs. Zombies
83.4%
Okay Luigi CousinsSuper Mario Bros
81.8%
Light DrizzleHeavy Rain
73.9%
TremorQuake
67.2%
Gamecube UnhealthyWii Fit
65%
Silver MoonGolden Sun
64.2%
Irritated EggsAngry Birds
63.6%
Quiet MoundSilent Hill
60.1%
The Idaho PathThe Oregon Trail
58.9%
Request for Service: Outdated ConflictCall of Duty: Modern Warfare
58.3%
Bass SidekickGuitar Hero
53.8%
'Lesser' Game Original Game % Correct
Second-to-Last DaydreamFinal Fantasy
52.8%
Quarrel TadpolesBattletoads
50.2%
Earthly DaggerHeavenly Sword
48.8%
Visitor BadResident Evil
44.1%
Slightly Flawed DimnessPerfect Dark
44.1%
The Old Letters III: PurgatoryThe Elder Scrolls IV: Oblivion
41.9%
Sidewalks of AnnoyanceStreets of Rage
41.9%
Bent PlasticTwisted Metal
40.5%
Mugger 6Killer 7
34.6%
One Last SidekickNo More Heroes
33%
Planet LakeStar Ocean
31.4%
Burglar's Guidelines: ClubAssassin's Creed: Brotherhood
27.7%

You're not logged in!

Compare scores with friends on all Sporcle quizzes.
OR
Log In

From the Vault

A-Z Double Letter Words Blitz

by DesertSpartan

It's one of those rare times when seeing double is actually okay.
Remove Ads.
Support Sporcle.
Get the best of Sporcle when you Go Orange. This ad-free experience offers more features, more stats, and more fun while also helping to support Sporcle. Thank you for becoming a member.

Show Comments

Extras

Top Quizzes Today


Score Distribution

Your Account Isn't Verified!

In order to create a playlist on Sporcle, you need to verify the email address you used during registration. Go to your Sporcle Settings to finish the process.

Report this User

Report this user for behavior that violates our Community Guidelines.

Details: